000 00381 a2200157 4500
001 169087
020 _a
040 _cMagnum
100 _aCuri, Samir Meserani
240 1 0 _aO intertexto escolar: sobre leitura, aula e redacao
_lpor
245 1 0 _aO intertexto escolar: sobre leitura, aula e redacao
362 0 _a1899
440 1 _aCortez
697 _aENSINO
942 _cBK
999 _c169087
_d169087